| 000 | 01129nam a2200241Ii 4500 | ||
|---|---|---|---|
| 003 | JO-AjNU | ||
| 005 | 20240629111748.0 | ||
| 008 | 230605s9999||||xx |||||||||||||| ||und|| | ||
| 040 |
_aJO-AjNU _bara _erda _cJO-AjNU |
||
| 041 | _aara | ||
| 050 | 1 | 4 | _aK1305 2018 |
| 100 | 1 |
_aالخطاطبة، علاء احمد _eمعد _965785 |
|
| 245 | 2 | 0 | _aالنظام القانوني لتصفية شركة المساهمة العامة في القانون الاردني( دراسة مقارنة) = Legal System for Liquidating the Public Shareholding Company in Jordanian Law (A Comparative Study) / |
| 260 | _c2018 | ||
| 300 | _a149 ورقة | ||
| 336 |
_atext _btxt _2rdacontent |
||
| 337 |
_aunmediated _bn _2rdamedia |
||
| 338 |
_avolume _bnc _2rdacarrier |
||
| 500 | _aرساله جامعيه (ماجستير في القانون) - جامعة عجلون الوطنيه (عجلون ، الاردن) ، كلية القانون تخصص القانون، 2018 | ||
| 650 | 4 |
_aالشركات المساهمة - نظام قانوني _958790 |
|
| 700 | 1 |
_aعطروش، عبد الحكيم محسن _947368 _eمشرف |
|
| 942 |
_2lcc _cTHS |
||
| 999 |
_c29988 _d29988 |
||